Statistics for Shakespeare Quotes Quiz

Click here to take the quiz!

General Stats

  • This quiz has been taken 34,963 times
  • The average score is 13 of 20

Answer Stats

Source Quote % Correct
Hamlet To be, or not to be, that is the {question}
99%
Romeo & JulietA {rose} by any other name would smell as sweet
86%
Julius CaesarFriends, Romans, countrymen, lend me your {ears}
80%
Julius CaesarBeware the ides of {March}
80%
Romeo & JulietO Romeo, Romeo! {Wherefore} art thou Romeo?
77%
Romeo & JulietParting is such {sweet} sorrow
76%
The Merchant of VeniceAll that {glisters} is not gold
76%
As You Like ItAll the world's a {stage}, and all the men and women merely players
73%
Romeo & JulietA plague on both your {houses}
73%
Sonnet 18Shall I compare thee to a {summer's} {day}
71%
Hamlet To thine own self {be} {true}
67%
Richard IIIMy kingdom for a {horse}
62%
MacbethSomething {wicked} this way comes
57%
Hamlet Something is {rotten} in the state of Denmark
55%
Richard IIINow is the {winter} of our discontent
54%
MacbethOut, damn'd {spot}!
51%
The TempestWe are such stuff as {dreams} are made on
44%
King Henry IVGive the {devil} his due
31%
King Henry VIThe first thing we do, let's kill all the {lawyers}
23%
Hamlet There is nothing either good or bad, but {thinking} makes it so
19%

Score Distribution

Percentile by Number Answered

Percent of People with Each Score

Your Score History

You have not taken this quiz